000 01052cab a2200325 4500
001 ABS50745
008 090401t1994 xxu||||| |||| 00| 0 eng d
035 _a(Sirsi) u33300
041 _aeng
245 _aHalf a house is better than none?
260 _c1994
350 _a0
490 _aSolicitors` Journal
_v183(16) 29 April 1994, 424-425(2)
520 _aFollows the caselaw relating to court orders for property sales under the Law of Property Act 1925 s30, commencing with the key case of "Re Mayo" (1943) and addressing the recent "Abbey National plc v Moss" (1993).
650 _aABBEY NATIONAL PLC V MOSS
650 _aBARCLAY V BARCLAY
650 _aBENEFICIAL INTEREST
650 _aBULL V BULL
650 _aJONES V CHALLENGER
650 _aLAW OF PROPERTY ACT 1925 S30
650 _aLLOYDS BANK V BYRNE
650 _aMATRIMONIAL HOMES
650 _aRE CITRO
650 _aRE MAYO
650 _aTRUSTS FOR SALE
650 _aTRUSTS
690 _aPROPERTY LAW AND PRACTICE
942 _n0
948 _c04/03/1997
999 _c22256
_d22256